Islam in focus : (Record no. 25258)

MARC details
000 -LEADER
fixed length control field 00565nam a22001817a 4500
003 - CONTROL NUMBER IDENTIFIER
control field AUA.1
005 - DATE AND TIME OF LATEST TRANSACTION
control field 20251120161311.0
008 - FIXED-LENGTH DATA ELEMENTS--GENERAL INFORMATION
fixed length control field 251120b |||||||| |||| 00| 0 eng d
020 ## - INTERNATIONAL STANDARD BOOK NUMBER
International Standard Book Number 9786169379539
040 ## - CATALOGING SOURCE
Transcribing agency JTL
050 ## - LIBRARY OF CONGRESS CALL NUMBER
Classification number BP50
Item number .G95 2024
100 ## - MAIN ENTRY--PERSONAL NAME
Personal name Guirguis, Youssry
245 ## - TITLE STATEMENT
Title Islam in focus :
Remainder of title history, doctrine, and philosophy /
Statement of responsibility, etc Youssry Guirguis.
260 ## - PUBLICATION, DISTRIBUTION, ETC. (IMPRINT)
Place of publication, distribution, etc Saraburi, Thailand :
Name of publisher, distributor, etc Asia-Pacific International University,
Date of publication, distribution, etc c2024.
300 ## - PHYSICAL DESCRIPTION
Extent xi, 483 ;
Dimensions 24 cm.
650 ## - SUBJECT ADDED ENTRY--TOPICAL TERM
Topical term or geographic name as entry element Islam
942 ## - ADDED ENTRY ELEMENTS (KOHA)
Source of classification or shelving scheme Library of Congress Classification
Koha item type Books
Classification part BP 50
Item part .G95 2024
Holdings
Withdrawn status Lost status Source of classification or shelving scheme Damaged status Not for loan Collection code Home library Current library Shelving location Date acquired Source of acquisition Cost, normal purchase price Serial Enumeration / chronology Total Checkouts Full call number Barcode Date last seen Cost, replacement price Price effective from Koha item type
    Library of Congress Classification     Books Judith Thomas Library Judith Thomas Library General Stacks 20/11/2025 Donation, Prof. Youssry Guirguis 15.00 AUA27996   BP 50 .G95 2024 AUA27996 20/11/2025 15.00 20/11/2025 Books